LEADER 01260nam a2200301 i 4500 001 991000222839707536 005 20250120142219.0 008 010810s1988 it er ||1 | ita d 020 $a882042889X 035 $ab10047463-39ule_inst 035 $aPARLA217696$9ExL 040 $aBibl. Dip.le Aggr. Studi Umanistici - Sez. Filosofia$bita$dSocioculturale Scs 041 0 $aita 082 04$a211.4$223 100 1 $aScribano, Emanuela$d<1948- >$0158812 245 10$aDa Descartes a Spinoza :$bpercorsi della teologia razionale nel Seicento /$cdi Maria Emanuela Scribano 260 $aMilano :$bFrancoAngeli,$c1988 300 $a298 p. ;$c22 cm. 490 1 $aFilosofia e scienza nel Cinquecento e nel Seicento. Serie 1. Studi ;$v30 650 4$aDio$xConcezione [di]$xDescartes, René [e]$xSpinoza, Benedictus :$cde 650 4$aDio$xFilosofia$ySec. 17. 830 0$aFilosofia e scienza nel Cinquecento e nel Seicento.$nSerie 1.$pStudi ;$v30 907 $a.b10047463$b17-02-17$c27-06-02 912 $a991000222839707536 945 $aLE005 MF 32 B 38$g1$i2005000250408$lle005$o-$pE0.00$q-$rl$s-$t0$u2$v2$w2$x0$y.i10055538$z27-06-02 996 $aDa Descartes a Spinoza$9193254 997 $aUNISALENTO 998 $ale005$b01-01-01$cm$da$e-$fita$git$h0$i1